[Event "Asti op"]
[Site "Asti"]
[Date "1997.??.??"]
[Round "?"]
[White "Malano, Francesco"]
[Black "Mollero, Michele"]
[Result "0-1"]
[WhiteElo "2070"]
[BlackElo "2050"]

1.Nf3 d5 2.c4 dxc4 3.e3 Nf6 4.Bxc4 e6 5.O-O c5 6.d4 a6 7.a4 Nc6 8.Nc3 Be7
9.d5 exd5 10.Nxd5 Nxd5 11.Qe2 Nf6 12.Rd1 Qc7 13.e4 Bg4 14.Be3 O-O 15.h3 Bxf3
16.Qxf3 Ne5 17.Qg3 Nh5 18.Qh2 Bd6 19.Rxd6 Qxd6 20.Be2 Nf6 21.f4 Ng6 22.e5 Qe7
23.h4 Nd5 24.Bf2 Ngxf4 25.Bc4 Rfd8 26.Bg3 Qxe5 27.Bxd5 Ne2+ 28.Kf2 Nxg3  0-1

[Event "AUT-chT2W 9697"]
[Site "Austria"]
[Date "1997.??.??"]
[Round "4"]
[White "Schoeppl, Engelbert"]
[Black "Fuchs, Georg"]
[Result "0-1"]
[WhiteElo "2305"]
[BlackElo "2210"]

1.Nf3 d5 2.c4 e6 3.d4 Nf6 4.Nc3 Be7 5.Bg5 O-O 6.e3 h6 7.Bh4 b6 8.cxd5 exd5
9.Rc1 Bb7 10.Bd3 Nbd7 11.O-O Ne4 12.Bxe7 Qxe7 13.Qe2 c5 14.dxc5 Nxc3 15.Rxc3 bxc5
16.Rfc1 Rfe8 17.Bb5 d4 18.Ra3 Rab8 19.Rxa7 Bxf3 20.gxf3 dxe3 21.Rd1 Qg5+
22.Kh1 exf2 23.Qxf2 Rxb5 24.Raxd7 c4 25.Qd2 Qf6 26.Qc3 Rxb2 27.Qxf6 gxf6
28.Rd8 Kf8 29.Rxe8+ Kxe8 30.Rc1 Rb4 31.Kg2 Kd7 32.Kf2 Kd6 33.Ke3 Kc5 34.Rc2 Ra4
35.Ke4 Ra3 36.f4 Rd3 37.Rb2 Rd5 38.Rb8 f5+ 39.Ke3 Rd3+ 40.Ke2 Rh3 41.Rc8+ Kd4
42.a4 Rxh2+ 43.Kd1 Ra2 44.Ra8 Kd3 45.Rd8+ Kc3 46.Ra8 Kb4 47.Ra7 Rxa4 48.Rxf7 Ra5
49.Rf6 Kc3 50.Rxh6 Kd3 51.Rd6+ Ke3 52.Kc2 Rc5  0-1

[Event "AUT-chT2W 9798"]
[Site "Austria"]
[Date "1997.??.??"]
[Round "5"]
[White "Novkovic, Milan"]
[Black "Pilz, Dieter"]
[Result "1-0"]
[WhiteElo "2400"]
[BlackElo "2250"]

1.Nf3 d5 2.c4 e6 3.d4 c6 4.Qc2 f5 5.Bf4 Nf6 6.e3 Bb4+ 7.Nbd2 Ne4 8.a3 Be7
9.Be2 O-O 10.h3 Nd7 11.Ne5 Bh4 12.Nxe4 fxe4 13.O-O Nxe5 14.Bxe5 Bf6 15.Bxf6 Rxf6
16.f3 exf3 17.Bxf3 Bd7 18.e4 dxc4 19.Qxc4 Qb6 20.Bg4 Raf8 21.e5 Rxf1+ 22.Rxf1 Rxf1+
23.Kxf1 Kf7 24.b4 Ke7 25.Kf2 a5 26.Bd1 axb4 27.axb4 Be8 28.Ke3 Qb5 29.Qxb5 cxb5
30.d5 exd5 31.Kd4 Bc6 32.h4 b6 33.Be2 h6 34.h5 Ke6 35.Bd3 Ke7 36.Bf5 Bb7
37.Bg4 Bc6 38.Bc8 Kd8 39.Be6 Ke7 40.Bxd5 Be8 41.Bf3 Bf7 42.Bg4 Bc4 43.Ke4 Bf1
44.Bf3 Bc4 45.Kf5 Kf7 46.Bc6 Bd3+ 47.Be4 Bc4 48.g4 Be6+ 49.Kf4 Bc4 50.Bf5 Ke7
51.g5 Be2 52.Bg4 Bd3 53.Bf3 Ke6 54.gxh6 gxh6 55.Ke3 Bc4 56.Kd4 Kf5 57.Be4+ Kg5
58.Bg6 Kf4 59.Be8 Kf5 60.Bc6 Kg5 61.Bd7 Ba2 62.Ke4 Bc4 63.Be8 Be6 64.Bg6 Bb3
65.Kd4 Bc4 66.Be8 Kf5 67.Bd7+ Kg5 68.Ke3 Bb3 69.Ke4 Bd1 70.Kd4 Bb3 71.Bc6 Bd1
72.Kd5 Bxh5 73.e6 Bg6  1-0

[Event "AUT-chT2W 9798"]
[Site "Austria"]
[Date "1997.??.??"]
[Round "7"]
[White "Poettinger, Harald"]
[Black "Wach, Markus"]
[Result "1-0"]
[WhiteElo "2260"]
[BlackElo "2420"]

1.Nf3 d5 2.c4 c6 3.g3 Nf6 4.Bg2 e6 5.d4 Nbd7 6.O-O Bd6 7.b3 O-O 8.Nc3 b6
9.e4 dxe4 10.Ng5 Bb7 11.Ngxe4 Be7 12.Bf4 Nxe4 13.Nxe4 Nf6 14.Qe2 Nxe4 15.Qxe4 Bf6
16.Rad1 Qe7 17.Rd3 Rfd8 18.Rfd1 Rd7 19.Qe2 Rad8 20.Be5 g6 21.Be4 Bg7 22.Bxg7 Kxg7
23.Qf3 Rd6 24.Qe3 Qf6 25.f4 h6 26.h4 Ba6 27.Kg2 c5 28.dxc5 Rxd3 29.Rxd3 Rxd3
30.Bxd3 Bb7+ 31.Kf2 Qb2+ 32.Be2 bxc5 33.Qxc5 Qxa2 34.Qe5+ Kh7 35.Qc7 Qxb3
36.Qxf7+ Kh8 37.Qxg6 Qb6+ 38.Kf1 Qc6 39.Bd3 Qf3+ 40.Ke1 Qe3+ 41.Kd1 Bf3+
42.Kc2 Qf2+ 43.Kb3 Bd1+ 44.Kc3 Qe1+ 45.Kb2  1-0

[Event "AUT-chT2S 9697"]
[Site "Austria"]
[Date "1997.??.??"]
[Round "8"]
[White "Schroecker, Hans Peter"]
[Black "Hafner, Robert"]
[Result "1-0"]
[WhiteElo "2070"]
[BlackElo "2220"]

1.Nf3 d5 2.c4 c6 3.d4 Nf6 4.Nc3 dxc4 5.a4 Bf5 6.g3 e6 7.Bg2 Nbd7 8.O-O Bb4
9.Nd2 Nb6 10.a5 Nbd5 11.Nxc4 O-O 12.Qb3 Qe7 13.Re1 Ne4 14.Bxe4 Bxe4 15.f3 Bg6
16.e4 Nc7 17.Bf4 Rac8 18.Bxc7 Rxc7 19.Ra4 Bxc3 20.bxc3 c5 21.e5 cxd4 22.cxd4 Rd8
23.Rd1 f6 24.Ra2 Be8 25.Nd6 Bc6 26.Qe3 Bd5 27.Rb2 Rxd6 28.exd6 Qxd6 29.Kf2 Rc4
30.Rc1 Qc6 31.Rxc4 Qxc4 32.Qd2 Bc6 33.Rc2 Qb3 34.Qc3 Qxc3 35.Rxc3 a6 36.Rc5 Kf7
37.Ke3 Ke7 38.Rc3 Kd6 39.Rc1 Kd7 40.f4 f5 41.Rc5 Bd5 42.Kd3 Bc6 43.Kc4 Kd6
44.Re5 Bd5+ 45.Kb4 Bc6 46.Kc3 Bd5 47.g4 fxg4 48.Rg5 g6 49.Rxg4 Ke7 50.Kb4 Kf6
51.Rg5 Bc6 52.Kc5 Ke7 53.Kb6 Bd5 54.Rxd5 exd5 55.Kxb7 Kd7 56.Kxa6 Kc6 57.h3 h6
58.h4  1-0

[Event "AUT-chT2O 9697"]
[Site "Austria"]
[Date "1997.??.??"]
[Round "9"]
[White "Gugler, Edgar"]
[Black "Reschun, Sascha"]
[Result "0-1"]
[WhiteElo "2265"]
[BlackElo "2235"]

1.Nf3 d5 2.c4 c6 3.b3 Nf6 4.g3 Bf5 5.Bg2 Nbd7 6.Bb2 e6 7.O-O h6 8.d3 Be7
9.Nbd2 O-O 10.Rc1 a5 11.a3 Rc8 12.Qc2 Bh7 13.Qb1 Bd6 14.Rfe1 Qe7 15.Qa1 e5
16.Bh3 g5 17.d4 e4 18.Ne5 g4 19.Bg2 Rce8 20.Nxd7 Nxd7 21.Nf1 f5 22.f4 gxf3
23.exf3 f4 24.cxd5 cxd5 25.gxf4 Bxf4 26.Rc2 Qg5 27.fxe4 Bxe4 28.Rce2 Nf6
29.Bc1 Nh5 30.Kh1 Bxc1 31.Bxe4 Rxe4 32.Rxe4 dxe4 33.Qxc1 Qg4 34.Qe3 Qh4 35.Nd2 Rf2
36.Rg1+ Kf7 37.h3 Rf3 38.Rf1 Ng3+ 39.Kg2 Nxf1 40.Nxf3 Nxe3+  0-1

[Event "AUT-chT2W 9697"]
[Site "Austria"]
[Date "1997.??.??"]
[Round "9"]
[White "Stangl, Markus"]
[Black "Dizdar, Goran"]
[Result "1/2-1/2"]
[WhiteElo "2565"]
[BlackElo "2525"]

1.Nf3 d5 2.c4 e6 3.g3 Nf6 4.Bg2 Be7 5.O-O O-O 6.d4 c6 7.Qc2 b6 8.Rd1 Nbd7
9.b3 Ba6 10.Nbd2 c5 11.e4 dxc4 12.Nxc4 cxd4 13.e5 Nd5 14.Rxd4 Rc8 15.a4 Qc7
16.Rg4 h5 17.Ng5 Bxg5 18.Rxg5 Bxc4 19.Rxh5 f5 20.bxc4 Qxc4 21.Qd2 Nc5 22.Rh4 Qc3
23.Qxc3 Nxc3 24.Be3 Nd3 25.a5 Nxe5 26.axb6 axb6 27.Bxb6 Nc4 28.Ba7 Rfd8  1/2-1/2

[Event "Wch Seniors"]
[Site "Bad Wildbad"]
[Date "1997.??.??"]
[Round "2"]
[White "Bernhoeft, Erhard"]
[Black "Weddeling, Franz"]
[Result "1-0"]
[WhiteElo "2135"]
[BlackElo "1499"]

1.Nf3 d5 2.c4 Nf6 3.g3 Bf5 4.Qb3 b6 5.Bg2 e6 6.d3 Nbd7 7.Nd4 Nc5 8.Qb5+ Qd7
9.Qxd7+ Ncxd7 10.cxd5 Rb8 11.dxe6 Bxe6 12.Nc6 Ra8 13.Nc3 a6 14.Bf4 Bd6 15.Bxd6 cxd6
16.O-O Nb8 17.Rfc1 d5 18.Nb4 O-O 19.Nbxd5 Nxd5 20.Nxd5 Bxd5 21.Bxd5 Ra7 22.Rc3 Nd7
23.Rac1 Nf6 24.Bb3 Re8 25.e3 Nd7 26.d4 Nf6 27.Rc7 Re7 28.Rxa7 Rxa7 29.Rc8+  1-0

[Event "Wch Seniors"]
[Site "Bad Wildbad"]
[Date "1997.??.??"]
[Round "3"]
[White "Darga, Klaus"]
[Black "Papapostolou, Christos"]
[Result "1-0"]
[WhiteElo "2450"]
[BlackElo "2190"]

1.Nf3 d5 2.c4 e6 3.d4 c6 4.Nc3 Nd7 5.e3 Ngf6 6.Bd3 dxc4 7.Bxc4 b5 8.Bd3 a6
9.e4 c5 10.d5 e5 11.O-O Bd6 12.b3 Qc7 13.h3 Nb6 14.Be3 b4 15.Nb1 O-O 16.Nfd2 a5
17.a4 Bd7 18.Qf3 Bc8 19.Nc4 Nxc4 20.Bxc4 Ba6 21.Nd2 Nd7 22.Rac1 Nb6 23.Bxa6 Rxa6
24.Nc4 Nxc4 25.Rxc4 Qe7 26.Qg4 Ra7 27.f4 Rc7 28.f5 f6 29.Rfc1 Rfc8 30.Qe2 g6
31.Qf2 Kg7 32.Rf1 Rf8 33.h4 Rfc8 34.g4 gxf5 35.Qxf5 Qd8 36.g5 Be7 37.gxf6+ Bxf6
38.Rc2 Rf7 39.Bg5  1-0

[Event "AZE-ch"]
[Site "Baku"]
[Date "1997.??.??"]
[Round "?"]
[White "Gasimov, Ragim"]
[Black "Guliev, Sarhan"]
[Result "0-1"]
[WhiteElo "2405"]
[BlackElo "2425"]

1.Nf3 d5 2.c4 c6 3.g3 dxc4 4.a4 Bg4 5.Bg2 Nd7 6.Qc2 e5 7.Qxc4 Ngf6 8.d3 Bd6
9.O-O O-O 10.Nbd2 Qe7 11.h3 Bf5 12.e4 Be6 13.Qc2 Rfd8 14.b3 Bb4 15.Rd1 Nc5
16.Bf1 Nfd7 17.Bb2 a5 18.Rac1 f6 19.d4 exd4 20.Nxd4 Ne5 21.Kg2 Qf7 22.Nxe6 Qxe6
23.Nc4 Nf7 24.Nb6 Rab8 25.Bc4 Qe7 26.e5 fxe5 27.Qf5 e4 28.Qg4 g6 29.Qf4 Nd3
30.Rxd3 exd3 31.Nd7 Rxd7 32.Qxb8+ Rd8 33.Qf4 d2 34.Rd1 Re8 35.Rxd2 Bxd2 36.Qxd2 Qe4+
37.Kh2 Kf8 38.Qxa5 Ne5 39.Qc5+ Re7  0-1

[Event "Baku"]
[Site "Baku"]
[Date "1997.??.??"]
[Round "6"]
[White "Allahverdiev, Anar"]
[Black "Karpatchev, Aleksandr"]
[Result "1/2-1/2"]
[WhiteElo "2380"]
[BlackElo "2390"]

1.Nf3 d5 2.c4 d4 3.g3 c5 4.Bg2 Nc6 5.O-O e5 6.d3 f5 7.e3 dxe3 8.Bxe3 Bd6
9.Re1 Nge7 10.b4 Nxb4 11.Bc1 Nbc6 12.Bb2 O-O 13.Nxe5 Nxe5 14.Bxe5 Bxe5 15.Rxe5 Qd4
16.Rxe7 Qxa1 17.Bd5+ Kh8 18.Qe1 f4 19.Qc3 Qxc3 20.Nxc3 Bf5 21.Ne4 Bxe4 22.dxe4 f3
23.h3 Rab8 24.a4 a6 25.Bxb7 h5 26.Kf1 Rfd8 27.Ke1 g5 28.g4 hxg4 29.hxg4 Rd4
30.e5 Rxb7 31.Rxb7 Rxg4 32.Kd2 Re4 33.Kd3 Rxe5 34.Rf7 g4 35.Rf4 Rg5 36.Ke3 Kg7
37.Ke4 a5 38.Kd3 Kh6 39.Ke3 Kg6 40.Rf8  1/2-1/2

[Event "Oberliga Bayern9697"]
[Site "Bayern"]
[Date "1997.??.??"]
[Round "?"]
[White "Wockenfuss, Klaus"]
[Black "Bachmayr, Peter"]
[Result "1-0"]
[WhiteElo "2325"]
[BlackElo "2340"]

1.Nf3 d5 2.c4 c6 3.b3 Nf6 4.g3 Bf5 5.Bb2 e6 6.Bg2 Nbd7 7.O-O h6 8.d3 Be7
9.Nbd2 O-O 10.Rc1 Bh7 11.Rc2 a5 12.a3 Ne8 13.Qa1 Bf6 14.Rb1 Bxb2 15.Qxb2 Nef6
16.b4 axb4 17.axb4 Qe7 18.Ne5 Nxe5 19.Qxe5 Nd7 20.Qc7 Rab8 21.cxd5 exd5 22.Nf3 Rfc8
23.Qf4 Re8 24.h4 Ra8 25.Qc7 Nf8 26.Qxe7 Rxe7 27.b5 c5 28.Rxc5 Rxe2 29.Bf1 Bxd3
30.Rbc1 Raa2 31.Bxe2 Bxe2 32.Nd4 Bc4 33.Rc8 g6 34.Re1 Kg7 35.b6  1-0

[Event "Regionalliga SO9798"]
[Site "Bayern"]
[Date "1997.??.??"]
[Round "?"]
[White "Danzer, George"]
[Black "Riehl, Joerg"]
[Result "0-1"]
[WhiteElo "1750"]
[BlackElo "2010"]

1.Nf3 d5 2.c4 c6 3.e3 Nf6 4.b3 Bf5 5.Bb2 e6 6.Be2 h6 7.O-O Be7 8.Nc3 O-O
9.Rc1 Re8 10.cxd5 exd5 11.Na4 Nbd7 12.d4 Ne4 13.Ne5 Bd6 14.f4 Bb4 15.Nc3 f6
16.Bh5 fxe5 17.Bxe8 Qxe8 18.fxe5 Bxc3 19.Bxc3 Qg6 20.Rf4 Ng5 21.Kh1 Nf8 22.h4 Ne4
23.Qf3 Ne6 24.g4 Bxg4 25.Rxg4 Qxg4 26.Qxg4 Nf2+ 27.Kg2 Nxg4 28.Kf3 h5 29.Bb4 Rd8
30.Rc2 Rd7 31.Be1 Rf7+ 32.Ke2 Kh7 33.b4 Kg6 34.a4 a6 35.Rb2 Nc7 36.Rc2 Kf5
37.Kd3 g5 38.Rg2 Kg6 39.Ke2 Ne6 40.Bg3 Ng7 41.hxg5 Kxg5 42.Bf4+ Kg6 43.Rg1 Ne6
44.Bg3 Ng5 45.Rg2 Ne4 46.Bh4 Nc3+ 47.Kd2 Nxa4 48.e6 Rf3 49.e7 Kf7 50.Bg5 Rf2+  0-1

[Event "Regionalliga NO9798"]
[Site "Bayern"]
[Date "1997.??.??"]
[Round "?"]
[White "Loos, Roland"]
[Black "Kordts, Wolfgang"]
[Result "0-1"]
[WhiteElo "2150"]
[BlackElo "2120"]

1.Nf3 d5 2.c4 c6 3.d4 Nf6 4.Nc3 dxc4 5.a4 Bg4 6.Ne5 Bh5 7.g3 e6 8.Bg2 a5
9.O-O Nbd7 10.Nxc4 Bb4 11.Bf4 Nb6 12.Ne5 O-O 13.Qd3 Nfd7 14.Be4 f5 15.Bg2 Nxe5
16.Bxe5 Qe7 17.Bf3 Bxf3 18.exf3 Bd6 19.Rfe1 Rad8 20.Re3 Bxe5 21.Rxe5 Qb4
22.Rd1 Nc4 23.Re2 Nxb2 24.Rxb2 Qxb2 25.Rb1 Qa3 26.Qc4 Qe7  0-1

[Event "Regionalliga SW9798"]
[Site "Bayern"]
[Date "1997.??.??"]
[Round "?"]
[White "Santl, Anton"]
[Black "Antemia, Paul"]
[Result "1/2-1/2"]
[WhiteElo "2110"]
[BlackElo "2100"]

1.Nf3 d5 2.c4 e6 3.g3 Nf6 4.Bg2 Be7 5.O-O O-O 6.b3 b6 7.Bb2 Bb7 8.d3 Nbd7
9.Nbd2 c5 10.e3 Re8 11.Qc2 Bf8 12.a3 a6 13.Bc3 b5 14.Rfd1 Qc7 15.a4 e5 16.axb5 axb5
17.cxb5 Qb6 18.Rxa8 Bxa8 19.e4 d4 20.Bb2 Qxb5 21.Nc4 Qb8 22.Ra1 Bc6 23.Bc1 h6
24.Ra6 Bb5 25.Ra5 Qb7 26.Bh3 Rb8 27.Bxd7 Nxd7 28.Nfd2 Ra8 29.Qa2 Rxa5 30.Qxa5 Be7
31.Kf1 Qb8 32.Ke2 g5 33.g4 h5 34.h3 Kg7 35.Kd1 Bd8 36.Qa3 Be7 37.Kc2 h4 38.Qa5 Bd8
39.Qa3 Qc7 40.Qa8 Bc6 41.Qa6 Nb8 42.Qa3 Bb5 43.Nf3 f6 44.Bd2 Na6 45.Ne1 Be7
46.Qa5 Qc6 47.Qb6 Qd7 48.Na3 Nc7 49.Ba5 Bd6 50.Qa7 Bc6 51.Nc4 Nb5 52.Qxd7+ Bxd7  1/2-1/2

[Event "Regionalliga SW9697"]
[Site "Bayern"]
[Date "1997.??.??"]
[Round "?"]
[White "Mueller, Marcus"]
[Black "Schmeidler, Martin"]
[Result "1-0"]
[WhiteElo "2095"]
[BlackElo "2075"]

1.Nf3 d5 2.c4 Nf6 3.cxd5 Nxd5 4.e4 Nf6 5.Nc3 Bg4 6.Bc4 e6 7.Qb3 Bxf3 8.gxf3 Qc8
9.d4 c6 10.Bf4 a5 11.Rc1 Bb4 12.O-O O-O 13.a3 Be7 14.Kh1 Nbd7 15.Rg1 Kh8
16.e5 Ne8 17.Ne4 Qb8 18.Rg4 a4 19.Qd3 Nb6 20.Ba2 Nd5 21.Bxd5 exd5 22.Nf6 Bxf6
23.exf6 Qd8 24.fxg7+ Nxg7 25.Bh6 Ne6 26.Qf5 Re8 27.Qxf7 Qe7 28.Rg8+  1-0

[Event "Regionalliga SW9697"]
[Site "Bayern"]
[Date "1997.??.??"]
[Round "?"]
[White "Santl, Anton"]
[Black "Schwarm, Gordon Charles"]
[Result "1/2-1/2"]
[WhiteElo "2085"]
[BlackElo "2010"]

1.Nf3 d5 2.c4 c6 3.b3 Nf6 4.Bb2 e6 5.g3 Be7 6.Bg2 O-O 7.O-O dxc4 8.bxc4 Qb6
9.Qc2 h6 10.d3 c5 11.Nbd2 Nc6 12.Rab1 Qa6 13.a3 Bd7 14.Bc3 b6 15.Ne5 Qc8
16.Ndf3 Rb8 17.Rb2 Qc7 18.e3 Rfd8 19.Nxc6 Bxc6 20.Be5 Bd6 21.Bxf6 gxf6 22.Nh4 Be5
23.Rbb1 f5 24.f4 Bg7 25.Bxc6 Qxc6  1/2-1/2

[Event "Regionalliga SW9697"]
[Site "Bayern"]
[Date "1997.??.??"]
[Round "?"]
[White "Schinkmeier, Karsten"]
[Black "Gergen, Harald"]
[Result "1/2-1/2"]
[WhiteElo "2105"]
[BlackElo "2015"]

1.Nf3 d5 2.c4 c6 3.b3 Bg4 4.Bb2 e6 5.e3 Nd7 6.Be2 Ngf6 7.O-O Bd6 8.d3 O-O
9.Nbd2 Qc7 10.a3 a5 11.Re1 Bh5 12.Qb1 Bg6 13.Qa2 Nc5 14.Qb1 h6 15.Rc1 Ncd7
16.Qa2 Rfe8 17.Rd1 Nc5 18.Ne1 e5 19.cxd5 Nxd5 20.Rac1 e4 21.dxe4 Nxe4 22.Nxe4 Bxe4
23.Nf3 Nb4 24.Qa1 Nc2 25.Qa2 Nb4 26.Qa1 Nc2 27.Qa2 Nb4  1/2-1/2

[Event "Regionalliga SO9798"]
[Site "Bayern"]
[Date "1997.??.??"]
[Round "?"]
[White "Riehl, Joerg"]
[Black "Gruentaler, Gerhard"]
[Result "0-1"]
[WhiteElo "2010"]
[BlackElo "2035"]

1.Nf3 d5 2.c4 c6 3.b3 Bf5 4.Bb2 e6 5.g3 Nf6 6.Bg2 Be7 7.O-O Nbd7 8.d3 O-O
9.Nbd2 Rc8 10.Re1 Bg4 11.h3 Bh5 12.Rc1 Ne8 13.e4 Nc5 14.Bf1 dxe4 15.dxe4 Qc7
16.b4 Nd7 17.Qb3 c5 18.b5 a5 19.Qe3 e5 20.g4 Bg6 21.Be2 f6 22.Nh4 Bf7 23.Nf5 Bd8
24.Nf1 g6 25.Nh6+ Kh8 26.Nxf7+ Rxf7 27.Qg3 Ng7 28.Ne3 Ne6 29.Nd5 Qb8 30.Bd3 b6
31.Rf1 g5 32.Rcd1 Bc7 33.f3 Rg8 34.Kf2 Rg6 35.Rh1 Rh6 36.h4 Rxh4 37.Rxh4 gxh4
38.Qxh4 Qg8 39.Rh1 Bd8 40.Qh2 Rg7 41.Ne3 Ndf8 42.Bc1 Nf4 43.Bc2 N8e6 44.Nf5 Rd7
45.Kg3 Bc7 46.Ne3 Nd4 47.Re1 Rg7 48.Nd5 Nfe6 49.Bh6 Rd7 50.Bd1 Bd8 51.Qh5 Qg6
52.Rh1 Kg8 53.Bc1 Qxh5 54.Rxh5 Kg7 55.Bh6+ Kg6 56.Bc1 Rf7 57.f4 Nxf4 58.Nxf4+ exf4+
59.Bxf4 Bc7 60.Bxc7 Rxc7 61.Rd5 Kf7 62.g5 fxg5 63.Rxg5 Kf6 64.Rh5 Kg6 65.Kf4 Rf7+
66.Kg3 Rf1 67.Bg4 Rg1+ 68.Kf4 Ne6+ 69.Kf3 Ng5+ 70.Kf4 Nxe4 71.Rd5 Rxg4+ 72.Kxg4 Nf6+
73.Kf4 Nxd5+ 74.cxd5 Kf6 75.Ke4 h5 76.d6 Ke6  0-1

[Event "Landesliga Nord9798"]
[Site "Bayern"]
[Date "1997.??.??"]
[Round "?"]
[White "Gerstorfer, Werner"]
[Black "Berreth, Marc"]
[Result "1/2-1/2"]
[WhiteElo "2020"]
[BlackElo "2075"]

1.Nf3 d5 2.c4 e6 3.b3 Nf6 4.Bb2 Be7 5.g3 b6 6.Bg2 Bb7 7.O-O O-O 8.d4 c5 9.Nbd2 Nbd7
10.e3 Rc8 11.Rc1 dxc4 12.Nxc4 cxd4 13.Nxd4 Bxg2 14.Kxg2 Nc5 15.Qe2 Qd5+ 16.f3 Rfd8
17.Rfd1 Qh5 18.e4 Rd7 19.Ne3 Rdd8 20.Rc2 Bf8 21.Rcd2 Ncd7 22.Ndc2 Be7 23.Nc4 Nc5
24.Rxd8+ Rxd8 25.Rxd8+ Bxd8 26.Qd2 Be7 27.N2e3  1/2-1/2

[Event "Oberliga Bayern9697"]
[Site "Bayern"]
[Date "1997.??.??"]
[Round "?"]
[White "Jirovsky, Milos"]
[Black "Arbakov, Valentin"]
[Result "1-0"]
[WhiteElo "2445"]
[BlackElo "2510"]

1.Nf3 d5 2.c4 d4 3.e3 c5 4.exd4 cxd4 5.g3 Nc6 6.Bg2 Nf6 7.O-O e6 8.d3 Be7
9.Na3 Nd7 10.Nc2 e5 11.b4 O-O 12.a3 a6 13.Qe2 Bd6 14.Nd2 Re8 15.Rb1 Nf6 16.Re1 Bg4
17.Qf1 Bf5 18.h3 Qd7 19.g4 Bg6 20.b5 axb5 21.Rxb5 Rab8 22.Nb4 Na7 23.Ra5 Nc6
24.Rb5 Rbc8 25.g5 Nh5 26.Ne4 Bf8 27.Nd5 Rb8 28.Bf3 Kh8 29.Bxh5 Bxh5 30.Nef6 gxf6
31.Nxf6 Qf5 32.Nxh5 Qg6 33.Ng3 Be7 34.h4 f6 35.f4 fxg5 36.fxg5 Rf8 37.Qe2 Qe6
38.Kg2 Ra8 39.Rf1 Rxf1 40.Qxf1 Qg4 41.Rxb7 e4 42.Qf5 Qxf5 43.Nxf5 Bf8 44.dxe4 Rd8
45.Bb2 Kg8 46.Rc7 Rb8 47.Bxd4 Nxd4 48.Nxd4 Bxa3 49.Nf5 Rb2+ 50.Kf3 Rb3+ 51.Kg4 Rb1
52.Nh6+  1-0

[Event "Oberliga Bayern9798"]
[Site "Bayern"]
[Date "1997.??.??"]
[Round "?"]
[White "Arbakov, Valentin"]
[Black "Velicka, Petr"]
[Result "1-0"]
[WhiteElo "2500"]
[BlackElo "2430"]

1.Nf3 d5 2.c4 c6 3.e3 Nf6 4.Nc3 Bg4 5.cxd5 Nxd5 6.d4 e6 7.h3 Bh5 8.g4 Bg6
9.Ne5 Nxc3 10.bxc3 Be4 11.f3 Qh4+ 12.Ke2 Bg6 13.Qb3 b6 14.Bg2 Bd6 15.Nxg6 hxg6
16.Bd2 Nd7 17.f4 Rc8 18.g5 Ke7 19.Be1 Qh7 20.h4 Qg8 21.Bd2 Qd8 22.e4 c5 23.e5 Bb8
24.a4 Qc7 25.Rac1 Rhd8 26.Be3 Kf8 27.Qb5 Kg8 28.Rhd1 Re8 29.Be4 c4 30.Rb1 Nf8
31.Bc1 Qd7 32.Ba3 Red8 33.Kf2 Qe8 34.Rh1 Qd7 35.Ke3 Qe8 36.Rh2 Qd7 37.Rbh1 Qxb5
38.axb5 f5 39.gxf6 gxf6 40.Rg2 f5 41.Bf3 Rc7 42.Bxf8  1-0

[Event "Beersheba 16th"]
[Site "Beersheba"]
[Date "1997.??.??"]
[Round "4"]
[White "Finkel, Alexander"]
[Black "Golod, Vitali"]
[Result "0-1"]
[WhiteElo "2505"]
[BlackElo "2515"]

1.Nf3 d5 2.c4 c6 3.cxd5 cxd5 4.d4 Nc6 5.Nc3 Nf6 6.Bf4 Bf5 7.Rc1 Rc8 8.Ne5 Qb6
9.Nxc6 bxc6 10.Qd2 e6 11.a3 Nh5 12.Be5 f6 13.Na4 Qb3 14.e4 Qxa4 15.exf5 fxe5
16.Qe2 Qa5+ 17.Rc3 Nf6 18.Qxe5 Bxa3 19.Ba6 O-O 20.O-O Bxb2  0-1

[Event "Berliner Sommer"]
[Site "Berlin"]
[Date "1997.??.??"]
[Round "3"]
[White "Gasimov, Ragim"]
[Black "Zawadski, Stephane"]
[Result "1-0"]
[WhiteElo "2395"]
[BlackElo "2180"]

1.Nf3 d5 2.c4 c6 3.b3 Nf6 4.Bb2 Bf5 5.g3 e6 6.Bg2 Be7 7.O-O O-O 8.d3 Nbd7
9.Nbd2 a5 10.a3 h6 11.Qc2 Bh7 12.Rfc1 Qb8 13.e4 Rd8 14.Re1 dxe4 15.dxe4 Nc5
16.Bd4 Rd7 17.Bf1 Qf8 18.Bc3 Rdd8 19.h3 Ne8 20.b4 axb4 21.axb4 Rxa1 22.Rxa1 Na6
23.c5 Nec7 24.Qb2 f6 25.Nd4 e5 26.Nxc6 bxc6 27.Bxa6 Nxa6 28.Rxa6 Rxd2 29.Qxd2 Bxe4
30.Ra7 Bd5 31.Kh2 e4 32.Qf4 f5 33.Rb7 Kh7 34.Qb8 Qxb8 35.Rxb8 Kg6 36.Rb7 Bf8
37.Be5 h5 38.g4 hxg4 39.hxg4 fxg4 40.Kg3 Kf5 41.Bxg7 Bxg7 42.Rxg7 Ke5 43.Kxg4 Kd4
44.Kf4 Kd3 45.Ke5 Ke2 46.Rg4  1-0

[Event "Berliner Sommer"]
[Site "Berlin"]
[Date "1997.??.??"]
[Round "3"]
[White "Espig, Lutz"]
[Black "Rubene, Ilze"]
[Result "1-0"]
[WhiteElo "2410"]
[BlackElo "2180"]

1.Nf3 d5 2.c4 c6 3.d4 Nf6 4.cxd5 cxd5 5.Nc3 Nc6 6.Bf4 Bf5 7.e3 e6 8.Bb5 Nd7
9.O-O Be7 10.Qb3 g5 11.Bg3 h5 12.h3 h4 13.Bh2 g4 14.hxg4 Bxg4 15.Ne5 Ndxe5
16.Bxe5 f6 17.f3 fxe5 18.fxg4 exd4 19.exd4 Qb6 20.Rad1 O-O-O 21.Na4 Qc7 22.Rc1 Rdf8
23.Qe3 Kd7 24.Rce1 Rxf1+ 25.Bxf1 e5 26.dxe5 d4 27.Qe4 a6 28.Qf5+ Kd8 29.Nc5 Bxc5
30.Qf6+ Qe7 31.Qxh8+ Kc7 32.Kh1 Qg5 33.Qh7+ Kb6 34.Qe4 Qd2 35.a3 a5 36.Bc4 Qf2
37.Rf1 Qg3 38.Rf3 Qxe5 39.Bd5 Qg5 40.Qf5 Qc1+ 41.Rf1 Qe3 42.Bxc6 bxc6 43.Qf3 d3
44.g5 Qxg5 45.Qxd3 Qg3 46.Rf3 Qe1+ 47.Qf1 Qe6 48.Rd3 Qa2 49.Qd1 a4 50.b4 axb3
51.Qxb3+ Qxb3 52.Rxb3+ Ka5 53.Rc3 Kb6 54.Kh2 Bd4 55.Rc4 c5 56.a4 Bf2 57.Kh3 Be1
58.Kg4 Kc6 59.Rc1 Bg3 60.a5 Bf2 61.Rc2 Bg3 62.a6  1-0

[Event "Berliner Sommer"]
[Site "Berlin"]
[Date "1997.??.??"]
[Round "8"]
[White "Kleeschaetzky, Rainer"]
[Black "Arkhangelsky, Boris"]
[Result "1/2-1/2"]
[WhiteElo "2265"]
[BlackElo "2405"]

1.Nf3 d5 2.c4 c6 3.b3 Bg4 4.e3 e6 5.Bb2 Nd7 6.Be2 Ngf6 7.O-O Bd6 8.Nc3 O-O
9.Rc1 Qe7 10.cxd5 exd5 11.Nd4 Bxe2 12.Qxe2 g6 13.Nf3 Ba3 14.d3 Rfe8 15.Bxa3 Qxa3
16.Nb1 Qe7 17.Qb2 Ng4 18.d4 f5 19.b4 a6 20.Nbd2 Qd6 21.a3 Re7 22.h3 Ngf6
23.Nb3 Nb6 24.Ne5 Nfd7 25.Na5 Nxe5 26.dxe5 Qxe5 27.Qxe5 Rxe5 28.Nxb7 Nc4
29.Na5 Nxa5 30.bxa5  1/2-1/2

[Event "Bethune op"]
[Site "Bethune"]
[Date "1997.??.??"]
[Round "5"]
[White "Foisor, Cristina Adela B"]
[Black "Degraeve, Jean Marc"]
[Result "0-1"]
[WhiteElo "2415"]
[BlackElo "2540"]

1.Nf3 d5 2.c4 d4 3.e3 Nc6 4.d3 Nf6 5.a3 e5 6.b4 dxe3 7.Bxe3 e4 8.dxe4 Qxd1+
9.Kxd1 Nxe4 10.Nfd2 Bf5 11.Nxe4 Bxe4 12.Nd2 O-O-O 13.Kc1 Bf5 14.Nf3 Be7 15.Be2 a5
16.b5 Bf6 17.Ra2 Nd4 18.Nxd4 Bxd4 19.Bxd4 Rxd4 20.Rd1 Rh4 21.h3 Be6 22.Rc2 h5
23.Bf1 Rf4 24.Kb2 h4 25.c5 Rd8 26.Rxd8+ Kxd8 27.Bd3 Rd4 28.Bf1 Ke7 29.Kc1 g5
30.b6 c6 31.Be2 Bd5 32.f3 Be6 33.Rd2 Rxd2 34.Kxd2 Kf6 35.f4 gxf4 36.Bf3 Bd7
37.Kd3 Ke5 38.Kc3 f6 39.a4 Bc8 40.Kd3 Bf5+  0-1

[Event "Biel op MTO"]
[Site "Biel"]
[Date "1997.??.??"]
[Round "5"]
[White "Lputian, Smbat G"]
[Black "Klovans, Janis"]
[Result "1/2-1/2"]
[WhiteElo "2585"]
[BlackElo "2465"]

1.Nf3 d5 2.c4 e6 3.g3 Nf6 4.Bg2 dxc4 5.Qa4+ Nbd7 6.Qxc4 c5 7.d3 a6 8.Qb3 Bd6
9.a4 Rb8 10.a5 b5 11.axb6 Nxb6 12.O-O O-O 13.Na3 h6 14.Bd2 Nbd5 15.Qc2 Nb4
16.Qc1 Bb7 17.Nc4 Rc8 18.Bf4 Bxf4 19.Qxf4 Nfd5 20.Qd2 Ne7 21.Rfc1 Nf5 22.Qd1 Qe7
23.Nfd2 Bxg2 24.Kxg2 Nd4 25.Kg1 Rfd8 26.Nb3 e5 27.Nxd4 exd4 28.Qd2 Re8  1/2-1/2

[Event "Clarin GP1 Boca Juniors"]
[Site "Boca"]
[Date "1997.??.??"]
[Round "9"]
[White "Szmetan, Jorge"]
[Black "Hoffman, Alejandro"]
[Result "1/2-1/2"]
[WhiteElo "2405"]
[BlackElo "2480"]

1.Nf3 d5 2.c4 e6 3.b3 Nf6 4.g3 c5 5.Bg2 Nc6 6.O-O Be7 7.e3 O-O 8.Bb2 d4 9.exd4 cxd4
10.Re1 Ne8 11.d3 f6 12.Na3 e5 13.Nc2 a5 14.a3 Nc7 15.Qd2 Na6 16.b4 axb4 17.axb4 Ncxb4
18.Nfxd4 exd4 19.Ba3 Nxc2 20.Bxe7 Nxe1 21.Bxd8 Nxg2 22.Bb6 Bh3 23.Qe2 g6
24.Qf3 Nc5 25.Rb1 Ne6 26.Qxb7 Rfb8 27.Qd5 Ra3 28.c5 Rba8 29.c6 Ra1 30.Qb3 R8a3
31.c7 Rxb3 32.c8=Q+ Nf8 33.Qc4+ Be6 34.Qxb3 Bxb3 35.Rxa1 Bd5 36.Bxd4 f5 37.Kf1 Ne6
38.Bc3 f4 39.Ra7 f3 40.Rd7 Bb3 41.h4 Nc5 42.Rd8+ Kf7 43.d4 Ne4 44.Bb4 Ne3+
45.Kg1 Nd5  1/2-1/2

[Event "NLD-chT f (Panfox-HSG)"]
[Site "Breda"]
[Date "1997.??.??"]
[Round "2"]
[White "Boersma, Paulus A"]
[Black "Conquest, Stuart"]
[Result "1/2-1/2"]
[WhiteElo "2355"]
[BlackElo "2540"]

1.Nf3 d5 2.c4 c6 3.e3 g6 4.d4 Bg7 5.Nc3 Nf6 6.Be2 O-O 7.O-O a6 8.b3 b5 9.Ne5 Bb7
10.Nd3 Nbd7 11.cxb5 axb5 12.a4 Ne4 13.Qc2 Re8 14.Bb2 Nxc3 15.Bxc3 bxa4 16.bxa4 Qc7
17.Rfc1 Ra7 18.Be1 e5 19.dxe5 Nxe5 20.Nc5 Bc8 21.Bc3 Bf5 22.Qd1 Qe7 23.Bd4 Raa8
24.a5 h5 25.a6 Bg4 26.f3 Bc8 27.Rab1 Nc4 28.Bxc4 dxc4 29.Rb6 Bxd4 30.Qxd4 Rd8
31.Qxc4 Qxe3+ 32.Kh1 Rd2 33.Rxc6 Bh3 34.Rxg6+ Kf8 35.Rg3 Qf2 36.Qf1 Bc8 37.Qxf2 Rxf2
38.Kg1 Ra2 39.Rg5 Bxa6 40.Nxa6 R8xa6 41.Rxh5 Rg6 42.g3 Rd6 43.f4 Rdd2 44.f5 Kg7
45.Rf1 Kf6 46.Kh1 Rg2 47.Rg1 Rgf2 48.g4 Ke5 49.Rh6 Rae2 50.f6 Rxf6 51.Rxf6  1/2-1/2